Polymeric Materials Science and Engineering. Volume 51

Salvato in:
Dettagli Bibliografici
Natura: Libro
Lingua:inglese
Pubblicazione: Philadelphia American Chemical Society 1984
Serie:American Chemical Society 51
Soggetti:
Accesso online:Visualizza in OPAC
Tags: Aggiungi Tag
Nessun Tag, puoi essere il primo ad aggiungerne!!

MARC

LEADER 00000pam a2200000 a 4500
005 20260127133923.0
008 050503s1984 xxua b 101 0 eng
010 |a 93-015964 
020 |a 084128646 
035 |a vtls001520920 
039 9 |a 200902271040  |b mschk03  |c 200505261017  |d mschk03  |c 200505040756  |d mschk03  |c 200505031435  |d mschk03  |y 200503230924  |z mschk03 
040 |a STUSCHK1  |b slo  |c STUSCHK1 
080 |a 678.7(082.1) 
245 0 0 |a Polymeric Materials Science and Engineering. Volume 51 
260 |a Philadelphia  |b American Chemical Society  |c 1984 
300 |a xxxx, 793 p.  |b ill.  |c 24 cm. 
440 0 |a American Chemical Society  |v 51 
500 |a "Procesings of the ACS division of polymeric materials: science and engineering formely division of organic coatings and plastics chemistry, fall meeting 1984 Philadelphia, Pennsylvania" 
650 0 |a Polymers 
910 |a SCHK95 
919 |a 0-8412-864-6 
999 |c 93  |d 93